| 000 | 01325nam a2200325 a 4500 | ||
|---|---|---|---|
| 999 |
_c140448 _d140448 |
||
| 003 | BLK | ||
| 005 | 20240826180444.0 | ||
| 008 | 180409b bul|||||r ||||||| ||bul|| | ||
| 020 | _a9789548186650 | ||
| 040 | _aBLK | ||
| 041 |
_aBUL _cBUL |
||
| 080 |
_aАмериканска литература (на САЩ) _b821.111(73) _x-312.4 _z821.111(73)-312.4 |
||
| 100 |
_aХоуг, Тами _9249554 |
||
| 139 |
_aХоуг, Тами _bХ 70 |
||
| 245 | 1 | 0 |
_aПрах в прахта _bРоман _cТами Хоуг ; [прев. Милена Томова]. |
| 250 | _a2. изд. | ||
| 257 | _aUSA | ||
| 260 |
_aСофия _bСББ Медиа _c2011 _fСофия : Инвестпрес _9219405 _dСанома Блясък България _n978-954-399- |
||
| 300 |
_a296 с. _c20 см |
||
| 380 | _aX | ||
| 490 |
_aКралиците на трилъра _9206280 |
||
| 500 | _a1. изд. 2001 на изд. Бард. - Ориг. загл.: Dust to dust / Tami Hoag. - Разпространява се със сп. Story. | ||
| 700 |
_aТомова, Милена Томова _eпрев. _9487229 |
||
| 852 |
_aЦб 261711 _bЦб |
||
| 852 |
_bП _c821-31/Х 70 Т |
||
| 856 | 4 |
_qpdf _i0.00 _ldisable |
|
| 856 | 4 |
_qpdf _i0.00 _ldisable |
|
| 942 |
_cKNG _n0 _s1 _03 |
||
| 944 |
_aED _c2023-03-28 _k30575 _lМартин Енчев |
||